| 000 | 00482nam a2200181Ia 4500 | ||
|---|---|---|---|
| 005 | 20260429112035.0 | ||
| 008 | 260429s9999||||xx |||||||||||||| ||und|| | ||
| 020 | _a9781804897980 | ||
| 041 | _aEnglish | ||
| 082 |
_a150 _bSTE |
||
| 100 | _aStevens, Shelly | ||
| 245 | 0 |
_aGeneral psychology / _cShelly Stevens |
|
| 260 |
_aUnited Kingdom : _bBrilliant Publication Ltd. , _c2026. |
||
| 300 | _ax, 294 p.; hb | ||
| 650 | _a Human behavior | ||
| 650 | _aPsychology | ||
| 942 | _cTB | ||
| 999 |
_c52035 _d52035 |
||